Finta na soupeře /
Pokračování new adult hokejové romance s motivem předstíraného vztahu.
Uloženo v:
| Série: | Vancouver storm,
část 2 |
|---|---|
| Hlavní autor: | |
| Další autoři: | |
| Médium: | Kniha |
| Jazyk: | Czech |
| Vydáno: |
Praha :
Dobrovský s.r.o.,
2026
|
| Edice: | Red
|
| Témata: | |
| Celkem bylo vypůjčeno: | 0x |
| Příbuzné jednotky: | Z cyklu::
Vancouver storm |
| Tagy: |
Žádné tagy |
| LEADER | 02055nam a2200445 i 4500 | ||
|---|---|---|---|
| 001 | 106200 | ||
| 003 | CZ PrNK | ||
| 005 | 20260428101747.0 | ||
| 007 | ta | ||
| 008 | 260410s2026 xr g 000 f cze | ||
| 015 | |a cnb003750793 | ||
| 020 | |a 9788027760497 |q (brožováno) : |c Kč 449,00 | ||
| 040 | |a ABG001 |b cze |e rda | ||
| 041 | 1 | |a cze |h eng | |
| 072 | 7 | |a 821.111-3 |x Anglická próza, anglicky psaná |2 Konspekt |9 25 | |
| 080 | |a 821.111(71)-31 |2 MRF | ||
| 080 | |a (0:82-312.5) |2 MRF | ||
| 100 | 1 | |a Archer, Stephanie |7 jo20251252252 |4 aut |9 116324 | |
| 240 | 1 | 0 | |a Fake out. |l Česky |
| 245 | 1 | 0 | |a Finta na soupeře / |c Stephanie Archer ; přeložila Jana Milotová |
| 264 | 1 | |a Praha : |b Dobrovský s.r.o., |c 2026 | |
| 300 | |a 413 stran ; |c 20 cm | ||
| 336 | |a text |b txt |2 rdacontent | ||
| 337 | |a bez média |b n |2 rdamedia | ||
| 338 | |a svazek |b nc |2 rdacarrier | ||
| 490 | 1 | |a Red | |
| 500 | |a Přeloženo z angličtiny | ||
| 520 | 2 | |a Pokračování new adult hokejové romance s motivem předstíraného vztahu. |b Hazel, fyzioterapeutka profesionálních hokejistů, musí po letech znovu čelit svému ex, který nastupuje do jejího týmu. Aby mu ukázala, že už nad ní nemá moc, uzavírá nečekanou dohodu s novým kapitánem týmu, arogantním, ale charismatickým Rorym, budou předstírat vztah. Jejich finta se však začne měnit v něco skutečného a Hazel brzy zjišťuje, že předstíraná romance může být nebezpečně lákavá. | |
| 655 | 7 | |a kanadské romány (anglicky) |7 fd139325 |2 czenas |9 54047 | |
| 655 | 7 | |a milostné romány |7 fd132840 |2 czenas |9 53718 | |
| 655 | 9 | |a Canadian fiction (English) |2 eczenas | |
| 655 | 9 | |a love novels |2 eczenas | |
| 700 | 1 | |a Milotová, Jana, |d 1989- |7 xx0282530 |4 trl |9 115599 | |
| 710 | 2 | |a Dobrovský (firma) |7 olak2017946581 |4 pbl |9 117120 | |
| 787 | 0 | 8 | |i Z cyklu: |t Vancouver storm |g 2 |
| 830 | 0 | |a Red | |
| 910 | |a UOG502 | ||
| 942 | |2 ddc |c KN | ||
| 999 | |d 106200 | ||
| 993 | |0 0 |1 421180106926 |2 ddc |4 0 |7 0 |9 99543 |b 0 |c 106926 |d 2026-04-28 |e 0 |f DOSP |h 449.00 |i Koupě |l DOSP |r 2026-04-28 |t 6 |w 2026-04-28 |y KN |z BELET |n | ||